000 01308cam a22001814a 4500
005 20250605164358.0
008 250528s ||||||||||||||||||||||||d
035 _a24417
040 _aGR-AtMCL
_bgre
_dGR-AtMCL
_eAACR2
245 1 _aΟικονομική Έρευνα Ε.Β.Ε.Α.: Εντυπωσιακή Βελτίωση του Κλίματος για την Πορεία της Ελληνικής Οικονομίας
260 _bΕμπορικό Και Βιομηχανικό Επιμελητήριο Αθηνών,
_c2019
300 _a64
520 _aΕκδήλωση: Η Οικονομία του Μπαγκλαντές, Ψηφιακός Μετασχηματισμός των Ευρωπαϊκών Νήσων, Είκοσι δις Ευρώ Χάνει κάθε Χρόνο από το Παρεμπόριο, Σε Τροχιά Ανάπτυξης η Ελληνική Μεταποίηση, Τα Βασικά Σημεία του Νέου Φορολογικού Νομοσχεδίου, Τα 10 Μέτρα για τον Εκσυγχρονισμό της Δ.Ε.Η., Άνοιξε ο Δρόμος για τη Νέα Γραμμή του Μετρό της Αθήνας.
700 1 _aΜίχαλος Κωνσταντίνος
_94319
942 _cCR
999 _c9300
_d9300